000 00441nam a2200181Ia 4500
001 17439
005 20260306171517.0
008 260306s9999||||xx |||||||||||||| ||und||
041 _aESP
082 _a658
_bB141 V. 38
100 _aRibera, J.
_eAUT
245 0 _aEmpresas de servicios:
_bun mundo de posibilidades
260 _c1997
300 _a81 páginas :
_c25 cm.
650 _aGEN
654 _aCAN
942 _cLIB
_dJUS
_fJUS
_2ddc
_n
999 _c17439
_d17439